000 00236nam a2200097Ia 4500
001 996524
005 20250826221507.0
008 250824s9999 xx 000 0 und d
245 0 _aSÜMBÜLLÜ KÖŞK
_cBİLGİN ADALI
260 _bHEP KİTAP
999 _c996524
_d996524